<?xml version="1.0" encoding="UTF-8"?>
<record
    xmlns:xsi="http://www.w3.org/2001/XMLSchema-instance"
    xsi:schemaLocation="http://www.loc.gov/MARC21/slim http://www.loc.gov/standards/marcxml/schema/MARC21slim.xsd"
    xmlns="http://www.loc.gov/MARC21/slim">

  <leader>03934cam a22005295i 4500</leader>
  <controlfield tag="001">22945560</controlfield>
  <controlfield tag="003">OSt</controlfield>
  <controlfield tag="005">20260320223124.0</controlfield>
  <controlfield tag="008">100112s2022    mx a     b    001 0 eng  </controlfield>
  <datafield tag="010" ind1=" " ind2=" ">
    <subfield code="a">  2022456417</subfield>
  </datafield>
  <datafield tag="020" ind1=" " ind2=" ">
    <subfield code="a">9786073061247</subfield>
    <subfield code="q">(UNAM)</subfield>
  </datafield>
  <datafield tag="020" ind1=" " ind2=" ">
    <subfield code="a">9788419233257</subfield>
    <subfield code="q">(RM VERLAG)</subfield>
  </datafield>
  <datafield tag="035" ind1=" " ind2=" ">
    <subfield code="a">22945560</subfield>
  </datafield>
  <datafield tag="035" ind1=" " ind2=" ">
    <subfield code="a">(CVcHKB)hkb0000011826</subfield>
  </datafield>
  <datafield tag="040" ind1=" " ind2=" ">
    <subfield code="a">DLC</subfield>
    <subfield code="b">eng</subfield>
    <subfield code="e">rda</subfield>
    <subfield code="c">DLC</subfield>
  </datafield>
  <datafield tag="042" ind1=" " ind2=" ">
    <subfield code="a">pcc</subfield>
  </datafield>
  <datafield tag="043" ind1=" " ind2=" ">
    <subfield code="a">n-mx---</subfield>
  </datafield>
  <datafield tag="050" ind1="0" ind2="0">
    <subfield code="a">N6555</subfield>
    <subfield code="b">.C87 2022</subfield>
  </datafield>
  <datafield tag="082" ind1="0" ind2="4">
    <subfield code="a">069.074</subfield>
    <subfield code="b">S212c</subfield>
  </datafield>
  <datafield tag="100" ind1="1" ind2=" ">
    <subfield code="a">S&#xE1;nchez Blanco, Marco,</subfield>
    <subfield code="e">autor</subfield>
  </datafield>
  <datafield tag="245" ind1="0" ind2="0">
    <subfield code="a">Curare :</subfield>
    <subfield code="b">venenos, remedios y estrategias cr&#xED;ticas, 1991-2010 = Curare : poisons, remedies and curatorial strategies, 1991-2010.</subfield>
  </datafield>
  <datafield tag="246" ind1="3" ind2="0">
    <subfield code="a">Venenos, remedios y estrategias cr&#xED;ticas, 1991-2010</subfield>
  </datafield>
  <datafield tag="246" ind1="3" ind2="1">
    <subfield code="a">Curare :</subfield>
    <subfield code="b">Poisons, remedies and curatorial strategies, 1991-2010</subfield>
  </datafield>
  <datafield tag="250" ind1=" " ind2=" ">
    <subfield code="a">Primera edici&#xF3;n.</subfield>
  </datafield>
  <datafield tag="264" ind1=" " ind2="1">
    <subfield code="a">Ciudad de Mexico :</subfield>
    <subfield code="b">Museo Universitario Arte Contempor&#xE1;neo, UNAM :</subfield>
    <subfield code="b">Editorial RM,</subfield>
    <subfield code="c">2022.</subfield>
  </datafield>
  <datafield tag="300" ind1=" " ind2=" ">
    <subfield code="a">287 p&#xE1;ginas :</subfield>
    <subfield code="b">principalmente ilustraciones (algunas a color) ;</subfield>
    <subfield code="c">22 cm.</subfield>
  </datafield>
  <datafield tag="336" ind1=" " ind2=" ">
    <subfield code="a">texto</subfield>
    <subfield code="b">txt</subfield>
    <subfield code="2">contenido rda</subfield>
  </datafield>
  <datafield tag="337" ind1=" " ind2=" ">
    <subfield code="a">sin mediaci&#xF3;n</subfield>
    <subfield code="b">n</subfield>
    <subfield code="2">medio rda</subfield>
  </datafield>
  <datafield tag="338" ind1=" " ind2=" ">
    <subfield code="a">volumen</subfield>
    <subfield code="b">nc</subfield>
    <subfield code="2">soporte rda</subfield>
  </datafield>
  <datafield tag="490" ind1="0" ind2=" ">
    <subfield code="a">Folio MUAC ;</subfield>
    <subfield code="v">094</subfield>
  </datafield>
  <datafield tag="500" ind1=" " ind2=" ">
    <subfield code="a">Fe de erratas insertada.</subfield>
  </datafield>
  <datafield tag="500" ind1=" " ind2=" ">
    <subfield code="a">Publicado con motivo de la exposici&#xF3;n &#x201C;Curare. Venenos, remedios y estrategias cr&#xED;ticas, 1991-2010&#x201D; (18 de junio al 30 de octubre de 2022) MUAC, Museo Universitario Arte Contempor&#xE1;neo, UNAM, Universidad Nacional Aut&#xF3;noma de M&#xE9;xico, Ciudad de M&#xE9;xico.</subfield>
  </datafield>
  <datafield tag="505" ind1="8" ind2=" ">
    <subfield code="a">Curare. Venenos, remedios y estrategias cr&#xED;ticas, 1991-2010 = Curare. Poisons, remedies and curatorial strategies / Marco S&#xE1;nchez Blanco, Jaime Gonz&#xE1;lez Sol &#xED;s --  Una farmacia mexicana = Mexico's pharmacy / Daniel Montero --  Cat&#xE1;logo = Catalog.</subfield>
  </datafield>
  <datafield tag="520" ind1=" " ind2=" ">
    <subfield code="a">La exposici&#xF3;n y el libro que la acompa&#xF1;a exploran las contribuciones de la revista Curare. Espacio Cr&#xED;tico para las Artes al mundo del arte a lo largo de dos d&#xE9;cadas (1991-2010). Integrada por historiadores y cr&#xED;ticos de arte, esta asociaci&#xF3;n civil se concibi&#xF3;, en un momento de imperiosa necesidad de una plataforma que facilitara el debate y la reflexi&#xF3;n, como una especie de contrainstituci&#xF3;n que brindaba la oportunidad de cuestionar el arte y las pol&#xED;ticas culturales hegem&#xF3;nicas. La exposici&#xF3;n resalta la amplia diversidad de estrategias que el grupo impuls&#xF3; en el &#xE1;mbito cultural: exposiciones, publicaciones, seminarios, coloquios, debates, consultor&#xED;a curatorial, proyectos de reinterpretaci&#xF3;n hist&#xF3;rica, dise&#xF1;o de bases de datos y colecciones, entre otras. Asimismo, el proyecto ofrece m&#xFA;ltiples puntos de acceso para conocer Curare: como respuesta a una serie de contingencias y como catalizador de eventos fundamentales en el &#xE1;rea de la cr&#xED;tica de arte, la curadur&#xED;a y la historiograf&#xED;a del arte en M&#xE9;xico. La curadur&#xED;a estuvo a cargo de Maco S&#xE1;nchez Blanco y Jaime Gonz&#xE1;lez Sol&#xED;s, quienes, a trav&#xE9;s de una cronolog&#xED;a, con documentos, fotograf&#xED;as y copias, brindan al p&#xFA;blico un panorama claro y un recorrido minucioso de esta importante iniciativa.</subfield>
  </datafield>
  <datafield tag="546" ind1=" " ind2=" ">
    <subfield code="a">Texts in Spanish and English.</subfield>
  </datafield>
  <datafield tag="610" ind1="2" ind2="0">
    <subfield code="a">Curare (Organizaci&#xF3;n)</subfield>
    <subfield code="v">Exposiciones.</subfield>
  </datafield>
  <datafield tag="650" ind1=" " ind2="0">
    <subfield code="a">Arte, Mexicano</subfield>
    <subfield code="y">siglo XXI</subfield>
    <subfield code="v">Exposiciones.</subfield>
  </datafield>
  <datafield tag="650" ind1=" " ind2="0">
    <subfield code="a">Arte</subfield>
    <subfield code="z">Mexico</subfield>
    <subfield code="v">Publicaciones peri&#xF3;dicas</subfield>
    <subfield code="v">Exposiciones.</subfield>
  </datafield>
  <datafield tag="655" ind1=" " ind2="7">
    <subfield code="a">Cat&#xE1;logos de exposiciones.</subfield>
    <subfield code="2">lcgft</subfield>
    <subfield code="0">https://id.loc.gov/authorities/genreForms/gf2014026098</subfield>
  </datafield>
  <datafield tag="700" ind1="1" ind2=" ">
    <subfield code="a">Gonz&#xE1;lez Sol&#xED;s, Jaime</subfield>
    <subfield code="e">autor.</subfield>
  </datafield>
  <datafield tag="710" ind1="2" ind2=" ">
    <subfield code="a">Curare (Organization),</subfield>
    <subfield code="e">autor.</subfield>
  </datafield>
  <datafield tag="710" ind1="2" ind2=" ">
    <subfield code="a">Universidad Nacional Aut&#xF3;noma de M&#xE9;xico.</subfield>
    <subfield code="b">Museo Universitario Arte Contempor&#xE1;neo,</subfield>
    <subfield code="e">host institution,</subfield>
    <subfield code="e">publisher.</subfield>
  </datafield>
  <datafield tag="906" ind1=" " ind2=" ">
    <subfield code="a">7</subfield>
    <subfield code="b">cbc</subfield>
    <subfield code="c">origres</subfield>
    <subfield code="d">3</subfield>
    <subfield code="e">ncip</subfield>
    <subfield code="f">20</subfield>
    <subfield code="g">y-gencatlg</subfield>
  </datafield>
  <datafield tag="942" ind1=" " ind2=" ">
    <subfield code="2">ddc</subfield>
    <subfield code="c">1</subfield>
    <subfield code="n">0</subfield>
  </datafield>
  <datafield tag="999" ind1=" " ind2=" ">
    <subfield code="c">4609</subfield>
    <subfield code="d">4609</subfield>
  </datafield>
  <datafield tag="952" ind1=" " ind2=" ">
    <subfield code="0">0</subfield>
    <subfield code="1">0</subfield>
    <subfield code="2">ddc</subfield>
    <subfield code="4">0</subfield>
    <subfield code="7">0</subfield>
    <subfield code="8">Libros</subfield>
    <subfield code="a">LV</subfield>
    <subfield code="b">LV</subfield>
    <subfield code="d">2026-03-20</subfield>
    <subfield code="l">0</subfield>
    <subfield code="o">069.074 S212c</subfield>
    <subfield code="r">2026-03-20 22:32:15</subfield>
    <subfield code="w">2026-03-20</subfield>
    <subfield code="y">1</subfield>
  </datafield>
</record>
